MARC

LEADER 00000nam0a2200000 4500
001 316257
005 20231102002846.0
020 |a RU  |b 81-70127 
035 |a (RuTPU)RU\TPU\book\341695 
090 |a 316257 
100 |a 20160316d1981 m y0rusy5003 ca 
101 0 |a rus 
102 |a RU 
105 |a a j 001zy 
200 1 |a Применение промышленных роботов в механосборочном производстве  |e учебное пособие  |f С. И. Мишкинд 
210 |a Москва  |c Машиностроение  |d 1981 
215 |a 60 с.  |c ил. 
225 1 |a Университет технического прогресса в машиностроении 
320 |a Библиогр.: с. 60 
606 1 |a Машины-автоматы  |x Машиностроение  |2 stltpush  |3 (RuTPU)RU\TPU\subj\41741  |9 61527 
610 1 |a манипуляторы 
610 1 |a автоматизация 
610 1 |a промышленные роботы 
610 1 |a механосборочные производства 
610 1 |a применение 
610 1 |a тела вращения 
610 1 |a детали 
610 1 |a зубчатые колеса 
610 1 |a сборка 
610 1 |a учебные пособия 
675 |a 621.002:65.011.56(075.4)  |z rus 
700 1 |a Мишкинд  |b С. И.  |g Семен Исаакович  |4 070 
712 0 2 |a Научно-техническое общество машиностроительной промышленности (НТО Машпром)  |b Центральное правление  |f (1955-1985)  |2 stltpush  |3 (RuTPU)RU\TPU\col\21679 
801 0 |a RU  |b RuMRKP  |c 19950704  |g psbo 
801 1 |a RU  |b 63413507  |c 20160316 
801 2 |a RU  |b 63413507  |c 20191126  |g RCR 
942 |c BK